Snakes – Sudden Death - Statistics

General Stats
  • This quiz has been taken 123 times
  • The average score is 7 of 18
Answers on the Grid
Answers color-coded by a green-red scale on the quiz's grid according to % correct below.
Boomslang
Bushmaster
Anaconda
Massasauga
Skaapsteker
Bockadam
Copperhead
Cottonmouth
Mamushi
Adder
Dugite
Python
Asp
Moccasin
Fer-de-Lance
Sheltopusik
Cottontail
Shingleback
Springhaas
Tenkile
Amphisbaena
Steinbok
Gerelnuk
Caecilian
Quahog
Jackdaw
Ark
Slowworm
Manchineel
Racerunner
Kultarr
Darter
Bokmakierie
Mamba
Keelback
Krait
 
Answer Stats
Answer % Correct
Python
75%
Anaconda
74%
Mamba
70%
Copperhead
58%
Adder
55%
Cottonmouth
55%
Asp
52%
Boomslang
51%
Fer-de-Lance
45%
Moccasin
38%
Bushmaster
37%
Krait
33%
Massasauga
21%
Keelback
16%
Skaapsteker
11%
Dugite
10%
Bockadam
7%
Mamushi
7%
No matching quizzes found
Score Distribution
Percent of People with Each Score
Percentile by Number Answered
Your Score History
You have not taken this quiz